header

The possibility of music (Record no. 240577)

MARC details
000 -LEADER
fixed length control field 01168nam a2200325Ia 4500
082 04 - DEWEY DECIMAL CLASSIFICATION NUMBER
Classification number 813/.54
100 1# - MAIN ENTRY--AUTHOR NAME
Personal name Martin, Stephen-Paul.
245 14 - TITLE STATEMENT
Title The possibility of music
250 ## - EDITION STATEMENT
Edition statement 1st ed.
260 ## - PUBLICATION, DISTRIBUTION, ETC. (IMPRINT)
Place of publication Tuscaloosa, Ala. :
Name of publisher FC2,
Year of publication c2007.
300 ## - PHYSICAL DESCRIPTION
Number of Pages 159 p.
650 #0 - SUBJECT ADDED ENTRY--TOPICAL TERM
Topical Term American fiction.
Topical Term American literature.
856 40 - ELECTRONIC LOCATION AND ACCESS
Uniform Resource Identifier http://site.ebrary.com/lib/rucke/Doc?id=10218353

No items available.

© 2026 Rongo University
Contact us: librarian | system librarian | Rongo university